00876nam a2200169 a 450000100060000000300090000600800410001502000130005604000280006924500310009726000370012850503430016565000320050894200120054099900170055295201370056912428CO-ViMGA141112s2004 ck r 000 u spa d a01209620 aCO-ViMGAbspacCO-ViMGA10aILADIBA No.2 VOL XV - 2001 aBogotá.Printer Colombiana s.a. aTuberculosis 11 - - Plasmodium falciparum - Malaria 19 - - Diabetes 23 - - Linfangiogenesis tumoral 26 - - Arteroesclerosis 29 - - Tromboembolismo pulmonar 33 - - Osteoporosis 49 - - Enfermedad pulmonar obstructiva crónica 53 - - Alzheimer 56 - - Otitis media aguda en niños 59 - - Epilepsia 63 - - Telefonos celulares y la salud 69 14aREVISTAS DE MEDICINA917852 2ddccBK c23436d23436 00102ddc40708002aMEVIECARbMEVIECARd2015-12-04hVolumen. 1 | 11/jun/2009l0p12428r2015-12-04 00:00:00tEj. 1w2015-12-04yBK